| 000 | 00655nam a2200217 a 4500 | ||
|---|---|---|---|
| 001 | BRCA_3917 | ||
| 005 | 20190320204456.0 | ||
| 008 | 100110s1934----mx-a######---#000-0#spa-# | ||
| 041 | _aspa | ||
| 044 | _amx | ||
| 050 | 4 |
_aF1219 _b.Ch38 1934 |
|
| 100 | 1 |
_aChávez Orozco, Luis. _96330 |
|
| 245 | 1 | 0 |
_aHistoria gráfica de México _bépoca pre-cortesiana _cL. Chávez Orozco ; dibujos de Vicente J. Morales. |
| 260 |
_aMéxico _bM. Quesada Brandi _c1934 |
||
| 300 |
_a170 p. _bil. _c22 cm. |
||
| 500 | _aC66 | ||
| 651 | 4 |
_aMéxico _vHistoria _yHasta 1519 obras pictóricas _910179 |
|
| 700 | 1 |
_aMorales Vicente J. _910180 |
|
| 902 | _aGFM | ||
| 942 |
_2lcc _cB |
||
| 999 |
_c3644 _d3644 |
||